000 01521nam a2200337 i 4500
999 _c64396
_d64396
001 768714001
003 CO-MdFUSB
005 20190202100417.0
008 180816b xxu||||| |||| 00| 0 eng d
020 _a9788494592188
040 _aCO-MdFUSB
_bspa
_cCO-MdFUSB
_dCO-MdFUSBC
_erda
041 _aspa
_hara
_grc
_syc
082 _222
_a270.3
_bAB165
100 _aAbu Qurrah, Tawudurus
_d ca. 750-825
_eautor
245 _aTratado sobre la veneración de los iconos
_c/ Teodoro Abun Qurra ; traducción y estudio introductorio, Rocio Daga Portillo
264 1 _aGranada :
_bNuevo Inicio,
_c[2017]
264 4 _c©2017
300 _c201 páginas;
_a19 cm
336 _2rdacontent
_atexto
_btxt
337 _2rdamedia
_asin mediación
_bn
338 _2rdacarrier
_avolumen
_bnc
490 _aColección maestros cristianos de oriente.
500 _aTraducción del árabe.
504 _aIncluye referencias bibliográficas e índice onomástico.
505 _gI.
_tEstudio introductorio
_a 1. Prefacio -- Teodoro Abu Qurra -- La obra de Todoro Abu Qurra. -- 4. El tratado sobre la veneración de los iconos (Maymar fi sujud al.suwar) -- Abu Qurra y la tradición de la iglesia. -- Conclusiones -- Bibliografía.
505 _gII.
_tTratado sobre la veneración de los iconos.
_a Primera parte - Cuarta parte.
600 0 _aAbu Qurrah, Tawudurus
_d ca. 750-825
_vTratados.
650 0 _aHistoria de la Iglesia
_z(Edad Media), ca. 600-1500
_9285
720 1 _aDaga Portillo, Rocio
_etraductor
_eIntroductor
942 _cREF